|
|
|
|
| LEADER |
00000nas a22000007a 4500 |
| 001 |
ssj0007579 |
| 003 |
WaSeSS |
| 005 |
20200512172242.0 |
| 006 |
m d |
| 007 |
cr n |
| 008 |
941104d19932010kyumr p s 0 a0eng c |
| 010 |
|
|
|a sn 94003953
|
| 016 |
7 |
|
|a 2143165-6
|2 DE-600
|
| 016 |
7 |
|
|a 2143165 6
|2 DE-600
|
| 022 |
|
|
|l 1079-4220
|y 1079-4220
|
| 032 |
|
|
|a 012067
|b USPS
|
| 035 |
|
|
|a (WaSeSS)ssj0007579
|
| 037 |
|
|
|b Cobb Group, POB 35160, Louisville, KY 40219-5160
|
| 040 |
|
|
|a NSD
|b eng
|c NSD
|d OCLCQ
|d UAB
|d OCLCQ
|d EBZ
|d OCLCQ
|d OCLCF
|d DEBBG
|d OCLCO
|d CUI
|d OCLCQ
|d LIP
|d WaSeSS
|
| 042 |
|
|
|a nsdp
|a pcc
|
| 050 |
|
4 |
|a RC 377
|b .R43
|
| 082 |
1 |
0 |
|a 616
|2 12
|
| 210 |
0 |
|
|a Real living mult. scler.
|
| 222 |
|
0 |
|a Real living with multiple sclerosis
|
| 245 |
0 |
0 |
|a Real living with multiple sclerosis
|h [electronic resource].
|
| 260 |
|
|
|a Louisville, KY :
|b Cobb Group,
|c ©1993-
|
| 310 |
|
|
|a Monthly
|
| 362 |
0 |
|
|a Vol. 1, no. 1 (Nov./Dec. 1993)-
|
| 362 |
1 |
|
|a Ceased with Nov./Dec. 2010.
|
| 500 |
|
|
|a Title from caption.
|
| 506 |
|
|
|a License restrictions may limit access.
|
| 650 |
|
0 |
|a Multiple sclerosis
|v Periodicals.
|
| 650 |
|
2 |
|a Multiple Sclerosis.
|
| 650 |
|
7 |
|a Multiple sclerosis.
|2 fast
|0 (OCoLC)fst01029018
|
| 655 |
|
0 |
|a Electronic journals.
|
| 710 |
2 |
|
|a Cobb Group.
|
| 856 |
4 |
0 |
|z Full text available from Research Library: 01/01/1999 to 11/30/2004
|u https://search.proquest.com/publication/31917
|